Christian child-rearing and personality development. (Record no. 14730)

000 -LEADER
fixed length control field 00597nam a2200193 a 4500
001 - CONTROL NUMBER
control field :::00012564$&:&@@
003 - CONTROL NUMBER IDENTIFIER
control field OkBaRHE
005 - DATE AND TIME OF LATEST TRANSACTION
control field 20000607103420.0
008 - FIXED-LENGTH DATA ELEMENTS--GENERAL INFORMATION
fixed length control field s1977 j 000 0 eng u
040 ## - CATALOGING SOURCE
Transcribing agency
100 1# - MAIN ENTRY--PERSONAL NAME
Personal name Meier, Paul D.
245 10 - TITLE STATEMENT
Title Christian child-rearing and personality development.
260 ## - PUBLICATION, DISTRIBUTION, ETC. (IMPRINT)
Place of publication, distribution, etc Grand Rapids, MI., :
Name of publisher, distributor, etc Baker Book House
Date of publication, distribution, etc c1977
300 ## - PHYSICAL DESCRIPTION
Extent xii, 222 p. ;
Dimensions 24 cm.
650 ## - SUBJECT ADDED ENTRY--TOPICAL TERM
Topical term or geographic name as entry element Child Development
650 ## - SUBJECT ADDED ENTRY--TOPICAL TERM
Topical term or geographic name as entry element Child Rearing
942 ## - ADDED ENTRY ELEMENTS (KOHA)
Source of classification or shelving scheme
Koha item type Books
Copies
Date acquired Date last seen Shelving location Koha item type Withdrawn status Damaged status Not for loan Permanent Location Price effective from Lost status Full call number Copy number Barcode Source of classification or shelving scheme
2010-04-142010-04-14General StacksBooks   RHEMA Bible Training College2010-04-14 HQ 769 .M39112564